000 00383nam a22001097a 4500
008 230606b xxu||||| |||| 00| 0 eng d
082 _a338.88
_bSID
245 _aEast African Integration
_bDynamics of Equity in Trade, Education, Media and Labour
_cSociety for International Development
260 _aKenya
_bSociety for International Development
_c2011
300 _a215 p
942 _2ddc
_cBK
999 _c620
_d620